000 00892nas a2200301 4500
001 BR2012006471
003 BR-BrBNA
005 20231205121052.0
007 ta
008 230509b bl.|||p| |||| 00| 00por d
040 _aBR-BrBNA
_bpor
_cBiblioteca Nacional de Agricultura
041 _a(Pt)
072 _aL02
100 1 _aUmigi, R.T.
100 1 _aBarreto, S.L.T.
100 1 _aReis, R.S.
100 1 _aMesquita Filho, R.M.
100 1 _aAraújo, M.S.
245 1 _aNíveis de treonina digestível para codorna japonesa na fase de produção
650 _aCODORNA
650 _aDIETA
650 _aPROTEÍNA
650 _aNUTRIÇÃO
650 _aMANEJO
773 0 _tArquivo Brasileiro de Medicina Veterinária e Zootecnia (Brazil)
_xISSN 0102-0935
_g(Jun 2012), v. 64(3) p. 658-664
_wBR2012006471
909 _a202311
_bLúcia
_c55
_dLúcia Elande
942 _2AGRIS
_n0
_cANA
999 _c221689
_d221689